Anthropology : a global perspective

Αποθηκεύτηκε σε:
Λεπτομέρειες βιβλιογραφικής εγγραφής
Κύριος συγγραφέας: Scupin, Raymond
Άλλοι συγγραφείς: Decorse, Christopher R.
Μορφή: Βιβλίο
Γλώσσα:English
Δημοσίευση: New Jersey : Prentice Hall, c1998
Έκδοση:3rd ed.
Θέματα:
Ετικέτες: Προσθήκη ετικέτας
Δεν υπάρχουν, Καταχωρήστε ετικέτα πρώτοι!

MARC

LEADER 00000cam a2200000 i 4500
001 1/97482
008 991222s1998 eng d
020 |a 0-13-301565-3 
035 |l 10056151 
040 |a GR-MY-UA  |b gre  |e aacr 
041 0 |a eng 
082 0 |a 306 
100 1 |a Scupin, Raymond. 
245 1 0 |a Anthropology :  |b a global perspective /  |c Raymond Scupin, Christopher R. DeCorse 
250 |a 3rd ed. 
260 |a New Jersey :   |b Prentice Hall,   |c c1998 
300 |a xxi, 582 σ.  |b εικ. 
504 |a Περιέχει βιβλιογραφικές παραπομπές και ευρετήριο 
650 0 0 |a Anthropology. 
700 1 |a Decorse, Christopher R. 
852 |a INST  |b LESVOS  |e 19991222  |h 306 SCU  |p 005100022320  |q 005100022320  |t BK  |y 0 
901 |a BIBL1-1999-3 
909 |a Λ  |b 070230 
922 |a 1ΕΛΗ  |b 199911  |c ΚΠΣ/ΤΓ  |d LEADER 
950 |a 118-1999-09-03 
970 |a ΤΖΑΦΕΡΗ  |b ΕΥΑΓΓΕΛΙΑ  |z 1999/12/22